Famous People's First/Last Names (Composers Edition) - Statistics

General Stats
  • This quiz has been taken 42 times
  • The average score is 9 of 13
Answer Stats
Hint Answer % Correct
Beethoven Ludwig
95%
Mozart Wolfgang
95%
Bach Johann
90%
Pachelbel Johann
90%
Chopin Frederic
80%
DeBussy Claude
65%
Zimmer Hans
65%
Brahms Johannes
65%
Wagner Richard
65%
Vivaldi Antonio
55%
Tchaikovsky Pyotr
45%
Elfman Danny
35%
Reznor Trent
28%
No matching quizzes found
Score Distribution
Percent of People with Each Score
Percentile by Number Answered
Your Score History
You have not taken this quiz